| 000 | 00903nam a2200229 a 4500 | ||
|---|---|---|---|
| 001 | 000509508 | ||
| 003 | AM-YeHGA | ||
| 005 | 20250617161728.0 | ||
| 008 | 061118s1950 ru r 000 1 rus d | ||
| 040 | _aAM-YeHGA | ||
| 041 | 1 |
_arus _hger |
|
| 100 | 1 |
_aБредель, Вилли _d1901-1964 |
|
| 245 | 1 | 0 |
_aСыновья : _bРоман. Вторая книга трилогии "Родные и знакомые" / _cВ. Бредель; Пер. с нем. И. Горкиной и Р. Розенталь; Пред. И. Фрадкина; Ред. З. Потапова. |
| 260 |
_aМосква : _bИзд-во иностр. лит., _c1950. |
||
| 300 | _a363 с. | ||
| 650 | 1 | 4 |
_aНемецкая литература _xРоман |
| 700 | 1 |
_aГоркина, И _4trl |
|
| 700 | 1 |
_aРозенталь, И _4trl |
|
| 700 | 1 | _aФрадкин, И | |
| 700 | 1 | _aПотапова, З | |
| 090 | _c479684 | ||
| 999 |
_c476393 _d476393 |
||